000 01784nam0a2200313 4500
001 RU\NLR\bibl\856063
005 20260407123245.0
010 _a5-98244-016-7
_9100
021 _aRU
_b2005-30744
_91538
035 _a(NLR Aleph) 000844781
090 _a1442890
_c1442890
100 _a20051019d2004 |||y0rusy50 ca
101 0 _arus
_aeng
_ager
102 _aRU
105 _aa |||||||||
200 1 _aАктуальные проблемы потребительского рынка
_eматериалы научной студенческой конференции, посвященной 40-летию учебного заведения, 7 октября 2004 года, Пермь
_f[под ред. проф. С.А. Чернопазова, ст. преп. Н.А. Гранкиной]
210 _aПермь
_cИзд-во ПОНИЦАА
_d2004
215 _a106 с.
_d20
300 _aВ надзаг.: Перм. ин-т (фил.) Гос. образоват. учреждения высш. проф. образования "Рос. гос. торг.-экон. ун-т"
300 _aЧасть текста на англ. и нем. яз.
606 1 _aТорговля
_jСъезды, совещания и т.п.
_yПермская область
_91858190
_3RU\NLR\auth\66842610
686 _aУ42(2Р-4Пе)1я431
702 1 _aЧернопазов
_bС. А.
_4340
711 0 2 _4070
_aРоссийский государственный торгово-экономический университет
_bПермский институт (филиал)
_bНаучная студенческая конференция
_f2004
_3RU\NLR\AUTH\8810072498
_9647004
801 0 _aRU
_bNLR
_c20051019
_grcr
801 1 _aRU
_bNLR
_c20051019
942 _cBOOK
980 _aNB